000001419 001__ 1419
000001419 005__ 20160222141727.0
000001419 037__ $$aSIDCimport-1706
000001419 100__ $$aClette, F.
000001419 245__ $$aUSET and other ground-based solar images
000001419 260__ $$c2011
000001419 269__ $$c2011-02-xx
000001419 594__ $$aSTCE
000001419 773__ $$tSoteria Capacity Building Workshop, 15/2/2011
000001419 906__ $$aContributed
000001419 980__ $$aCTALKCONT